|
|
|
|
| LEADER |
00000nab a2200000 ar4500 |
| 001 |
vtls010063916 |
| 003 |
SK-MaSNL |
| 005 |
20260318124517.0 |
| 008 |
100211c2010 xo ||||||h| 000 b|hun |
| 015 |
|
|
|a SNBRB2010/02
|2 snkbucl
|
| 038 |
|
|
|a SNKBUCL
|
| 040 |
|
|
|a DSZK
|b slo
|c DSZK
|e AACR2
|
| 041 |
0 |
|
|a hun
|
| 044 |
|
|
|a xo
|c SK
|
| 080 |
|
|
|a 284.2
|x (437.6)
|2 2001
|
| 100 |
1 |
|
|a Vámos, Béla
|4 aut
|9 875871
|
| 245 |
1 |
0 |
|a Ha ma élne Kálvin-
|c Vámos Béla
|
| 300 |
|
|
|b Obr.
|
| 600 |
1 |
7 |
|a Calvin, Jean,
|d 1509-1564
|2 snkbucl
|9 126973
|
| 773 |
0 |
|
|t Kálvinista szemle
|g Évf. LXXXI, sz. 2 (2010), o. 8
|x 1335-7298
|
| 852 |
|
|
|a SNK
|b KIS3GCP
|
| 852 |
|
|
|a DSZK
|b KIS3GCP
|
| 958 |
|
|
|a HU
|
| 958 |
|
|
|a BC
|
| 958 |
|
|
|a FR
|
| 958 |
|
|
|a NT
|
| 999 |
|
|
|c 2214368
|d 2216298
|